Softvérová podpora výpočtu pravdepodobnosti krachu
Metódy výpočtu pravdepodobnosti krachu poisťovne v konečnom časovom okamihu pri exponenciálnom type rozdelenia výšky poistných plnení. Možnosti prístupu a porovnávanie výsledkov jednotlivých prístupov pri rovnakých začiatočných podmienkach.
Gespeichert in:
| 1. Verfasser: | |
|---|---|
| Weitere Verfasser: | |
| Format: | Buchkapitel |
| Sprache: | Slowakisch |
| Schlagworte: | |
| Tags: |
Keine Tags, Fügen Sie das erste Tag hinzu!
|
MARC
| LEADER | 00000nla a2200000 4500 | ||
|---|---|---|---|
| 001 | 0224250 | ||
| 005 | 20240502073654.8 | ||
| 041 | 0 | |a slo | |
| 044 | |a SK | ||
| 245 | 1 | 0 | |a Softvérová podpora výpočtu pravdepodobnosti krachu |c Anna Strešňáková, František Slaninka |
| 520 | |a Metódy výpočtu pravdepodobnosti krachu poisťovne v konečnom časovom okamihu pri exponenciálnom type rozdelenia výšky poistných plnení. Možnosti prístupu a porovnávanie výsledkov jednotlivých prístupov pri rovnakých začiatočných podmienkach. | ||
| 610 | 2 | 0 | |a teória pravdepodobnosti |
| 610 | 2 | 0 | |a funkcie matematické |
| 610 | 2 | 0 | |a metódy matematické |
| 610 | 2 | 0 | |a modelovanie pravdepodobnostné |
| 610 | 2 | 0 | |a vzorce |
| 610 | 2 | 0 | |a softvér |
| 100 | 1 | |a Strešňáková, Anna, 1976- | |
| 700 | 1 | |a Slaninka, František, 1973- | |